[Event "HUN-chT2 Barcza 0910"]
[Site "Hungary"]
[Date "2010.02.14"]
[Round "6.11"]
[White "Farkas, Gabor Akos"]
[Black "Ordog, Aron"]
[Result "1-0"]
[WhiteElo "1579"]
[BlackElo "1515"]
[PlyCount "61"]
[EventDate "2009.11.08"]
[EventType "team-tourn"]
[EventRounds "11"]
[EventCountry "HUN"]
[SourceTitle "EXT 2011"]
[Source "ChessBase"]
[SourceDate "2010.11.26"]
[SourceVersion "1"]
[SourceVersionDate "2010.11.26"]
[SourceQuality "1"]
[WhiteTeam "Kazincbarcika"]
[BlackTeam "Mezokovesd"]
[WhiteTeamCountry "HUN"]
[BlackTeamCountry "HUN"]

1. d4 f5 2. c4 Nf6 3. Nc3 g6 4. e3 Bg7 5. Nf3 0-0 6. Bd3 d6 7. b3 Kh8 8. Bd2 Nc6 9. Nd5 e5 10. Nxf6 Qxf6 11. d5 Ne7 12. e4 fxe4 13. Bxe4 Nf5 14. Bg5 Qf7 15. Qd3 Nd4 16. 0-0 Bf5 17. Be3 Nxf3+ 18. gxf3 Bxe4 19. fxe4 Qf3 20. Rad1 Qg4+ 21. Kh1 Rf3 22. Rg1 Qh4 23. Rg3 Bh6 24. Rxf3 Rg8 25. Bxh6 Qxh6 26. Qe3 g5 27. Rg1 Qg6 28. Rf5 g4 29. f3 h5 30. fxg4 hxg4 31. Rf7 1-0

[Event "HUN-chT2 Barcza 0910"]
[Site "Hungary"]
[Date "2009.11.08"]
[Round "1.11"]
[White "Farkas, Gabor Akos"]
[Black "Kiss, Gergely"]
[Result "0-1"]
[WhiteElo "1579"]
[BlackElo "2251"]
[PlyCount "80"]
[EventDate "2009.11.08"]
[EventType "team-tourn"]
[EventRounds "11"]
[EventCountry "HUN"]
[SourceTitle "EXT 2011"]
[Source "ChessBase"]
[SourceDate "2010.11.26"]
[SourceVersion "1"]
[SourceVersionDate "2010.11.26"]
[SourceQuality "1"]
[WhiteTeam "Kazincbarcika"]
[BlackTeam "Debrecen Betu"]
[WhiteTeamCountry "HUN"]
[BlackTeamCountry "HUN"]

1. d4 Nf6 2. c4 g6 3. Nc3 Bg7 4. Nf3 0-0 5. Bf4 d6 6. e3 Nbd7 7. Be2 Re8 8. 0-0 c5 9. Bg3 cxd4 10. Nxd4 Ne5 11. Bxe5 dxe5 12. Ndb5 Bf5 13. g4 a6 14. gxf5 axb5 15. fxg6 hxg6 16. Nxb5 Qb6 17. Qb3 Ne4 18. Qc2 f5 19. b4 Rec8 20. c5 Qf6 21. Bf3 Ng5 22. Bxb7 Rab8 23. Qc4+ e6 24. Bxc8 Rxc8 25. Qe2 f4 26. Qg4 Kh7 27. Nd6 Rh8 28. h4 Nf7 29. Nxf7 Qxf7 30. Kg2 Qb7+ 31. f3 Qxb4 32. Rad1 Qxc5 33. exf4 exf4 34. Qxe6 Qc2+ 35. Kg1 Qc5+ 36. Rf2 Rf8 37. Rd6 Rf6 38. Rc6 Qxc6 39. Qxc6 Rxc6 40. a4 Bd4 0-1

[Event "HUN-chT U18"]
[Site "Miskolc"]
[Date "2009.10.28"]
[Round "4.25"]
[White "Farkas, Gabor Akos"]
[Black "Toth, Levente"]
[Result "1-0"]
[WhiteElo "1579"]
[BlackElo "1625"]
[PlyCount "93"]
[EventDate "2009.10.26"]
[EventType "team-swiss"]
[EventRounds "8"]
[EventCountry "HUN"]
[SourceTitle "EXT 2016"]
[Source "ChessBase"]
[SourceDate "2015.10.08"]
[SourceVersion "1"]
[SourceVersionDate "2015.10.08"]
[SourceQuality "1"]

1. d4 d5 2. c4 e6 3. Nc3 Nf6 4. e3 Be7 5. Nf3 Ne4 6. cxd5 Nxc3 7. bxc3 exd5 8. Bd3 0-0 9. Qb3 b6 10. 0-0 Bb7 11. Ba3 Bxa3 12. Qxa3 Nd7 13. Rfc1 Re8 14. Qb3 c5 15. c4 cxd4 16. exd4 Rb8 17. c5 bxc5 18. dxc5 d4 19. Bc4 Bd5 20. Qa3 Bxc4 21. Rxc4 Qe7 22. Qxa7 Qe2 23. Rxd4 Rb2 24. Rd2 Rxd2 25. Nxd2 Qxd2 26. h3 Re1+ 27. Rxe1 Qxe1+ 28. Kh2 Qe5+ 29. Kg1 Nf6 30. c6 Ne8 31. a4 Qc7 32. Qa8 Kf8 33. a5 Qe5 34. a6 Ke7 35. Qb7+ Kf6 36. a7 Qe1+ 37. Kh2 Qe5+ 38. g3 Nc7 39. Qxc7 Qxc7 40. a8Q Qb6 41. Qa1+ Ke7 42. Qe5+ Kf8 43. Qd6+ Ke8 44. Qd7+ Kf8 45. Qc8+ Ke7 46. Qb7+ Qxb7 47. cxb7 1-0

[Event "HUN-ch U16"]
[Site "Balatonlelle"]
[Date "2009.07.04"]
[Round "8"]
[White "Csirik, Andras"]
[Black "Farkas, Gabor Akos"]
[Result "0-1"]
[WhiteElo "2302"]
[BlackElo "1936"]
[PlyCount "120"]
[EventDate "2009.06.27"]
[EventType "swiss"]
[EventRounds "9"]
[EventCountry "HUN"]
[SourceTitle "EXT 2011"]
[Source "ChessBase"]
[SourceDate "2010.11.26"]
[SourceVersion "1"]
[SourceVersionDate "2010.11.26"]
[SourceQuality "1"]

1. e4 c5 2. Nf3 d6 3. d4 cxd4 4. Nxd4 Nf6 5. Nc3 a6 6. Qe2 e5 7. Nf5 g6 8. Ne3 Be6 9. Ned5 Bxd5 10. exd5 Nbd7 11. g4 Qa5 12. Bg2 h6 13. 0-0 Bg7 14. f4 Qb6+ 15. Kh1 0-0-0 16. Be3 Qc7 17. Na4 h5 18. fxe5 Nxg4 19. Rxf7 Nxe3 20. Rxg7 Nxg2 21. Qxg2 Qa5 22. e6 Qxa4 23. exd7+ Rxd7 24. Rxd7 Kxd7 25. Qxg6 Re8 26. Rf1 Qb5 27. Qf5+ Kc7 28. b3 Qe2 29. a4 Re5 30. Qf7+ Re7 31. Qf4 Re4 32. Qf2 Qxf2 33. Rxf2 Re5 34. c4 Re3 35. Rf7+ Kc8 36. Rh7 Rxb3 37. Rxh5 Rb4 38. Rh4 Rxa4 39. Rf4 b5 40. h4 Rxc4 41. Rf8+ Kc7 42. Rf7+ Kb6 43. Rd7 Rxh4+ 44. Kg2 Kc5 45. Ra7 Ra4 46. Kf2 Kxd5 47. Ke2 a5 48. Kd2 Ra3 49. Kc2 b4 50. Kb2 Kd4 51. Rh7 d5 52. Rh4+ Kc5 53. Rh8 d4 54. Rc8+ Kb6 55. Rb8+ Kc7 56. Rh8 d3 57. Rh3 Rc3 58. Rh5 a4 59. Rh4 Rc2+ 60. Kb1 b3 0-1

[Event "HUN-ch U16"]
[Site "Balatonlelle"]
[Date "2009.07.03"]
[Round "7"]
[White "Kovacs, Lajos M"]
[Black "Farkas, Gabor Akos"]
[Result "1/2-1/2"]
[WhiteElo "2126"]
[BlackElo "1936"]
[PlyCount "81"]
[EventDate "2009.06.27"]
[EventType "swiss"]
[EventRounds "9"]
[EventCountry "HUN"]
[SourceTitle "EXT 2011"]
[Source "ChessBase"]
[SourceDate "2010.11.26"]
[SourceVersion "1"]
[SourceVersionDate "2010.11.26"]
[SourceQuality "1"]

1. d4 f5 2. c4 Nf6 3. g3 g6 4. Bg2 Bg7 5. Qc2 0-0 6. Nc3 d6 7. Nf3 c6 8. 0-0 Na6 9. Rd1 Be6 10. d5 cxd5 11. cxd5 Bf7 12. a3 Rc8 13. Ng5 Qa5 14. Nxf7 Kxf7 15. Bd2 Kg8 16. Rac1 Ng4 17. h3 Ne5 18. Bg5 Rc7 19. e4 Nc4 20. b4 Nxa3 21. bxa5 Nxc2 22. Nb5 Rc5 23. Bxe7 Re8 24. Bxd6 Rxb5 25. Rxc2 fxe4 26. Bc7 Nxc7 27. Rxc7 Be5 28. Rd7 e3 29. fxe3 Bxg3 30. e4 Rxa5 31. Rxb7 Ra6 32. Rf1 Be5 33. Bf3 Rf6 34. Bg4 Ref8 35. Be6+ Kh8 36. Rxf6 Rxf6 37. Kg2 Rf4 38. Rd7 Rxe4 39. d6 Rd4 40. Rd8+ Kg7 41. d7 1/2-1/2